Advanced trading rules (Record no. 363060)

MARC details
000 -LEADER
fixed length control field 00741nam a2200253Ia 4500
008 - FIXED-LENGTH DATA ELEMENTS--GENERAL INFORMATION
fixed length control field 191130s2002##################000#0#eng##
020 ## - INTERNATIONAL STANDARD BOOK NUMBER
ISBN 9780750655163
082 ## - DEWEY DECIMAL CLASSIFICATION NUMBER
Classification number 332.042 ACA
245 ## - TITLE STATEMENT
Title Advanced trading rules
Statement of responsibility, etc edited by E. Acar, S. Satchell
250 ## - EDITION STATEMENT
Edition statement 2nd ed
260 ## - PUBLICATION, DISTRIBUTION, ETC. (IMPRINT)
Place of publication Oxford ; Woburn, MA
Name of publisher Butterworth-Heinemann
Year of publication 2002
300 ## - PHYSICAL DESCRIPTION
Number of Pages xvi, 449 p. : ill. ; 24 cm
500 ## - GENERAL NOTE
General note Includes bibliographical references and index
650 ## - SUBJECT ADDED ENTRY--TOPICAL TERM
Topical Term Electronic trading of securities
Topical Term Futures
Topical Term Rule-based programming
700 ## - ADDED ENTRY--PERSONAL NAME
Personal name Acar, E
Personal name Satchell, S
991 ## -
-- 148427
Holdings
Withdrawn status Lost status Damaged status Not for loan Home library Current library Shelving location Date acquired Full call number Accession Number Price effective from Koha item type
        Anna Centenary Library Anna Centenary Library 4TH FLOOR, A WING 17.10.2020 332.042 ACA 292848 17.10.2020 English Books

Find us on the map